000 01072nam a2200325 i 4500
001 000011023
003 DO-SdBNP
005 20250506111210.0
007 ta
008 091013s2002 dr 000 p spa d
020 _a9993486477
040 _aDO-SdBNP
_bspa
_cBNPHU
_erda
041 _aspa
082 4 _aRD861.44
_bS237i 2002
_222
100 1 _aSantos, Yrene,
_eautor
_4aut.
_926465
245 1 3 _aEl incansable juego /
_cYrene Santos ; prólogo, Daisy Cocco De Filippis.
264 4 _aSanto Domingo :
_bEditorial Letra gráfica,
_c©2002.
300 _a87 páginas ;
_c22 cm.
336 _atexto
_btxt
_2rdacontent
337 _asin mediación
_bn
_2rdamedia
338 _avolumen
_bnc
_2rdacarrier
490 0 _aColección Poesía
500 _aIncluye datos biográficos del autor en la solapa de la cubierta
590 _aInventariado, 2025/BT
650 4 _aPoesía dominicana
_966
650 4 _aLiteratura dominicana.
_967
700 1 _aCoco Filippis, Daisy de,
_eprologuista
_4pr.
_926466
910 _aValidado. control de calidad/MAA
942 _2ddc
_cLBS1
999 _c10761
_d10761